000 00366nam a2200145Ia 4500
008 150201s2011 xx 000 0 und d
082 _a610.7362
_bE11G
100 _aGLASPER, EDWARD ALAN
245 _aEMERGENCIES IN CHILDREN'S & Y0UNG PEOPLES NURSING
250 _a1ST
260 _bOXFORD
_aU.K.
_c2011
300 _a421
650 _aPEDIATRICS
942 _2ddc
_cBK
999 _c2254
_d2254